| 000 | 00524nam a2200157 a 4500 | ||
|---|---|---|---|
| 001 | 000038878 | ||
| 005 | 20240305135410.0 | ||
| 008 | 130501s1995 cl 000 0 spa d | ||
| 020 | _a9580210039 | ||
| 040 |
_aDO-SdBNP _bspa _cBNPHU |
||
| 100 | 1 |
_aGarcía Márquez, Gabriel, _b1928-2014 _91804 |
|
| 245 | 1 | 0 |
_aCómo se cuenta un cuento / _cGabriel García Márquez. |
| 260 |
_aSantafé de Bogotá : _bVoluntad, _c1995. |
||
| 300 |
_a253 p. ; _c22 cm. |
||
| 500 | _aIncluye datos biográficos del autor en la solapa de la cubierta | ||
| 999 |
_c38368 _d38368 |
||